000 00559nam a22001817a 4500
003 OSt
005 20251205041652.0
008 251205b |||||||| |||| 00| 0 eng d
020 _a971-118-084-7.
040 _aDWCL-Main lib.
_cOC
082 _aFil. 890.081 M112 1990
100 _aMabanglo, Elynia L.
245 _aMga liham ni Pinay/
_cElynia L. Mabanglo
260 _aManila :
_bDe La Salle University Press,
_cc1990.
300 _a115 p. :
_b chiefly ill. ;
_c22 cm.
650 _aPhilippine poetry-Collections.
942 _2ddc
_cBK - FIL
_hFil.
_n0
999 _c6928
_d6928